| 000 | 00558nam a2200205Ia 4500 | ||
|---|---|---|---|
| 003 | OSt | ||
| 005 | 20230606104800.0 | ||
| 008 | 210423s2007 xx 000 0 und d | ||
| 040 | _cAL | ||
| 041 | _aeng | ||
| 082 |
_a307.72 _223 _b MINE |
||
| 100 |
_aMINIMAL (M C) _9119954 |
||
| 245 | _aE governance and rural self government | ||
| 260 |
_aNew Delhi _bSonali Publications _c2007 |
||
| 365 |
_b800 _cINR |
||
| 650 |
_aRural Communities _9119955 |
||
| 650 |
_aSociology _9119956 |
||
| 906 | _aE ; governance ; government ; rural ; self | ||
| 942 |
_2ddc _cBK |
||
| 999 |
_c174885 _d174885 |
||